000 00429 a2200145 4500
245 _aMy father's fortune
_b : a life
_hprint
020 _a9780805093773 (hc :
250 _a1st ed.
700 _aFrayn, Michael.
650 _aAfrican Literature
005 20191017173915.0
260 _anyu
_bMetropolitan Books
_c2010
084 _aPR6056.R3 Z46 2011
300 _a273 p. : ill., ports
_b 22 cm.
_c273 p. : ill., ports ; 22 cm.
500 _aMichael Frayn.
999 _c10899
_d10899